La Cuestión nacional y la autonomía
Gorde:
| Egile nagusia: | |
|---|---|
| Formatua: | Texto |
| Argitaratua: |
México, D.F.:
Offset Marvi
|
| Etiketak: |
Etiketa erantsi
Etiketarik gabe, Izan zaitez lehena erregistro honi etiketa jartzen!
|
MARC
| LEADER | 00000 a a2200000 04500 | ||
|---|---|---|---|
| 001 | 22183 | ||
| 003 | |||
| 040 | |||
| 020 | |a 968-23-0377-X | ||
| 090 | |a 150300 | ||
| 100 | |a Luxemburgo, Rosa | ||
| 245 | |a La Cuestión nacional y la autonomía | ||
| 260 | |a México, D.F.: |b Offset Marvi | ||
| 300 | |a 241 p |b **no definido** | ||
| 999 | |c 13291 |d 13291 | ||



